Responses for Show #3246 - Monday, October 19, 1998

Contestants

[<< previous game]

Dave Pedersen, a product manager from Hermosa Beach, California

Judie Cole, an administrative assistant from Quincy, Massachusetts

Tammy Talpas, an engineering secretary originally from Austin, Texas (whose 1-day cash winnings total $7,801)

[next game >>]

Jeopardy! Round responses

19th CENTURY AMERICA
ARTSY FILMS
SHIPS
ANAGRAMMED U.S. CITIES
KING KRAZY
"QUEEN" FOR A DAY
    $100 3
Harriet Beecher Stowe

Dave
    $100 16
As Good as It Gets

Dave
    $100 9
the Constitution ("Old Ironsides")

Dave
    $100 26
Syracuse

Tammy
    $100 18
King Kong

Dave
    $100 1
the Queen of Hearts

Judie
    $200 4
Mathew Brady

Judie
    $200 17
Vincent and Theo

Triple Stumper
    $200 10
the Bounty

Judie
    $200 27
Ogden

Tammy
    $200 19
Larry King

Judie
    $200 2
Queensland (in Australia)

Dave
    $300 5
Boss Tweed

Tammy
    $300 23
Great Expectations

Tammy
    $300 11
(Alex: The song was "Sink The Bismarck.")

the Bismarck

Judie
    $300 28
Saint Louis

Triple Stumper
    $300 20
a king cobra

Tammy
    $300 6
Ellery Queen

Judie
    $400 7
Belle Starr

Triple Stumper
    $800 24
I Shot Andy Warhol"

Tammy
    $400 12
the Arizona

Tammy
    $400 29
El Paso

Dave
    $400 21
Martin Luther King

Dave
    $400 14
(Alex: Thankfully, we didn't look at her for long!)

Queen termite

Triple Stumper
    $500 8
(Dave: What is Richmond?)

Montgomery, Alabama

Dave
Triple Stumper
    $500 25
Stealing Beauty

Tammy
    $500 13
the Carpathia

Judie
    $500 30
Plains

Triple Stumper
    $500 22
a kingfisher

Dave
    $500 15
the Marquess of Queensbury

Tammy

Scores at the first commercial break (after clue 15):

Tammy Judie Dave
$1,200 $1,600 -$100

Scores at the end of the Jeopardy! Round:

Tammy Judie Dave
$3,400 $1,800 $1,400

Double Jeopardy! Round responses

EUROPE
20th CENTURY WOMEN
NOVEL VOCABULARY
TV NICKNAMES
PLACIDO DOMINGO
"QUE" TIPS
    $200 14
Monaco

Dave
    $200 17
Donna Karan

Tammy
    $200 11
(Tammy: What is a salutation?)

the address

TammyJudie
    $200 1
(Dave: Who is Ralph Malph?)

Joanie Cunningham

TammyDave
    $200 26
Metropolitan Opera House

Dave
    $200 6
Burlesque

Judie
    $400 15
Finland

Triple Stumper
    $400 18
(Tammy: Who is Comaneci?)

Mary Lou Retton

TammyDave
    $400 12
"Dracula"

Tammy
    $400 2
(Dave: Who is 86?)

Agent 99

TammyDave
    $400 27
"Othello"

Judie
    $400 7
Masque

Tammy
    $600 16
Barcelona

Tammy
    $600 19
Corazon Aquino

Tammy
    $600 13
(Judie: Who is Lawrence?)

Joseph Conrad

JudieDave
    $600 3
Isabel Sanford

Triple Stumper
    $600 28
Carmen

Dave
    $600 8
Risque

Tammy
    $800 22
St. Vitus

Dave
    $800 20
Amelia Earhart

Tammy
    $800 24
Oldspeak

Triple Stumper
    $800 4
Benjamin "Hawkeye" Pierce

Judie
    $800 29
La bohème

Triple Stumper
    $800 9
(Tammy: What is Arabesque?)

the Pathétique Symphony

Tammy
    $1000 23
Greece

Dave
    $1000 21
Poland

Judie
    $1000 25
(Dave: Here we go, DOMINGO for $200.)

a bodkin

Triple Stumper
    $1000 5
Tim Reid

Judie
    $1000 30
"Pagliacci"

Judie
    $1000 10
(Dave: What is testing?)

a macaque

TammyDave

Scores at the end of the Double Jeopardy! Round:

Tammy Judie Dave
$7,200 $5,800 $3,600

[wagering suggestions for these scores]

Final Jeopardy! Round responses

HISTORIC LEADERS
DaveWho is Bolivar?
$3,600
JudieWho is Simon Bolivar?
$5,001
TammyWho is Bolivar?
$4,401
Simon Bolivar

Final scores:

Tammy Judie Dave
$11,601 $10,801 $7,200
2-day champion: $19,402 2nd place: Trip to Marriott's Marco Island Resort & Golf Club, Florida 3rd place: Trip for 2 on Amtrak

Game dynamics:

Coryat scores:

Tammy Judie Dave
$7,600 $5,800 $3,600
19 R
(including 2 DDs),
3 W
(including 1 DD)
14 R,
1 W
15 R,
4 W

Combined Coryat: $17,000

[game clues] [game scores] [suggest correction]

Game tape date: 1998-09-01
The J! Archive is created by fans, for fans. Scraping, republication, monetization, and malicious use prohibited; this site may use cookies and collect identifying information. See terms. The Jeopardy! game show and all elements thereof, including but not limited to copyright and trademark thereto, are the property of Jeopardy Productions, Inc. and are protected under law. This website is not affiliated with, sponsored by, or operated by Jeopardy Productions, Inc. Join the discussion at JBoard.tv.